Поиски и разведки на золото: с 5 рисунками и 37 чертежами в тексте

Մատենագիտական մանրամասներ
Հիմնական հեղինակ: Реутовский В. С. Вячеслав Степанович
Ամփոփում:Перепечатано из "Вестника Золотопромышленности".
Լեզու:ռուսերեն
Հրապարակվել է: Томск, Типо-литография М. Н. Кононова, 1899
Խորագրեր:
Ձևաչափ: MixedMaterials Գիրք
KOHA link:https://koha.lib.tpu.ru/cgi-bin/koha/opac-detail.pl?biblionumber=351178

MARC

LEADER 00000nam0a2200000 4500
001 351178
005 20240219161617.0
035 |a (RuTPU)RU\TPU\retro\5845 
090 |a 351178 
100 |a 20190418d1899 m y0rusy50 ca 
101 0 |a rus 
102 |a RU 
105 |a a z 001zy 
181 0 |b  e  
182 0 |a n 
183 0 |a nc  |2 RDAcarrier 
200 1 |a Поиски и разведки на золото  |e с 5 рисунками и 37 чертежами в тексте  |f В. С. Реутовский 
210 |a Томск  |c Типо-литография М. Н. Кононова  |d 1899 
215 |a 138 с.  |c черт. 
283 |a volume 
300 |a Перепечатано из "Вестника Золотопромышленности". 
316 |5 63413507: 3477  |a На переднем форзаце владельческий штамп Библиотеки Томского Технологического Института Императора Николая II 
316 |5 63413507: 3477  |a На полях и в тексте многочисленные пометы карандашом 
606 1 |a Золото  |x Месторождения  |x Поиски и разведка  |2 stltpush  |3 (RuTPU)RU\TPU\subj\11859  |9 38745 
610 1 |a рудное золото 
610 1 |a рудные месторождения золота 
610 1 |a россыпная золотоносность 
610 1 |a россыпное золото 
610 1 |a россыпное мелкое золото 
610 1 |a Томская губерния 
610 1 |a Енисейский округ 
610 1 |a труды учёных ТПУ 
610 1 |a Коллекция Труды учёных ТПУ 
675 |a 553.411  |v 3 
700 1 |a Реутовский  |b В. С.  |c русский горный инженер  |c предприниматель  |f 1853-1923  |g Вячеслав Степанович  |3 (RuTPU)RU\TPU\pers\19683  |9 7630 
801 1 |a RU  |b 63413507  |c 20190418 
942 |c BK